Geohydrologic reconnaissance of the Imperial Valley, California /

Bibliographic Details
Other Authors: Loeltz, O. J. (Omar Joseph), 1914-
Format: Government Document Book
Language:English
Published: Washington : U.S. Govt. Print. Off, 1975.
Series:Water resources of lower Colorado River-Salton Sea area.
Geological Survey professional paper ; 486-K.
Subjects:

MARC

Tag First Indicator Second Indicator Subfields
LEADER 00000cam a2200000 i 4500
001 in00002783652
005 20151202171833.0
008 760310s1975 dcua b f000 0 eng
010 |a  75600003  
035 |a (OCoLC)ocm01722402 
035 |a (OCoLC)1722402 
040 |a DLC  |c DLC  |d OWU  |d OCLCQ  |d BTCTA  |d OCLCG  |d UtOrBLW 
043 |a n-us-ca 
049 |a TXAM 
050 0 0 |a QE75  |b .P9 no. 486-K  |a GB1025.C2 
082 0 0 |a 557.3/08 s  |a 551.4/9/0979499 
086 0 |a I 19.16:486-K 
245 0 0 |a Geohydrologic reconnaissance of the Imperial Valley, California /  |c by O.J. Loeltz [and others]. 
264 1 |a Washington :  |b U.S. Govt. Print. Off,  |c 1975. 
300 |a iv, K54 pages :  |b illustrations ;  |c 29 cm. 
336 |a text  |b txt  |2 rdacontent 
337 |a unmediated  |b n  |2 rdamedia 
338 |a volume  |b nc  |2 rdacarrier 
490 1 |a Water resources of lower Colorado River-Salton Sea area 
490 1 |a Geological Survey professional paper ; 486-K 
500 |a Part of illustrative matter fold. in pocket. 
504 |a Includes bibliographical references (p. K32-K33). 
650 0 |a Groundwater  |z Imperial Valley (Calif. and Mexico) 
650 0 |a Geology  |z Imperial Valley (Calif. and Mexico) 
700 1 |a Loeltz, O. J.  |q (Omar Joseph),  |d 1914- 
830 0 |a Water resources of lower Colorado River-Salton Sea area. 
830 0 |a Geological Survey professional paper ;  |v 486-K. 
948 |a cataloged  |b h  |c 2012/12/13  |d c  |e mvaldespin  |f 10:43:30 am 
994 |a C0  |b TXA 
999 |a MARS 
999 f f |s 3c672adc-0466-3ad6-a2cf-bdd29192e695  |i 7a59cd4a-2b98-3a28-930c-1f25b735c8e4  |t 0 
952 f f |p normal  |a Texas A&M University  |b College Station  |c Sterling C. Evans Library  |d Evans: US Documents (Annex 5th floor)  |t 0  |e I 19.16:486-K  |h Superintendent of Documents classification  |i unmediated -- volume  |m A14839363521 
998 f f |a I 19.16:486-K  |t 0  |l Evans: US Documents (Annex 5th floor)